All About McCollum - Statistics

General Stats
  • This quiz has been taken 6 times
  • The average score is 11 of 18
Answer Stats
Hint Answer % Correct
In that draft, he was what pick? 10
100%
He was born on September _ _, 1991 19
100%
When was he drafted? 2013
100%
Jersey number? 3
100%
Which team does he play for? Portland Trail Blazers
100%
True or False: He also launched a program called ‘CJ’s Press Pass,’ for high school students to cover the NBA as a reporter. True
100%
What does CJ stand for? Christian James
75%
McCollum and which player are the first backcourt in Blazers’ history to averages 20 or more points apiece in a season. Damian Lillard
75%
What position does he play? Shooting Guard
75%
Height in meters (exact) 1.91
50%
PPG in the 2018-19 season? 21
50%
Career high points made in a game? 50
50%
What award did he win in 2016? Most Improved Player
50%
What's the name of his girlfriend? Elise Esposito
25%
Name of his older brother Errick
25%
What US State was he born in? Ohio
25%
What degree did he finish? BA in _______? Journalism
0%
Where did he play college basketball? L____ M____ H____ Lehigh Mountain Hawks
0%
No matching quizzes found
Score Distribution
Percent of People with Each Score
Percentile by Number Answered
Your Score History
You have not taken this quiz